Lyrics - Can't Help Falling in Love With You - Elvis Presley - Statistics

General Stats
  • This quiz has been taken 2,532 times
  • The average score is 95 of 112
Answer Stats
Lyrics % Correct
falling
100%
I
100%
in
100%
love
100%
can't
99%
help
99%
with
99%
you
99%
a
94%
But
92%
men
91%
say,
91%
only
90%
fools
89%
Wise
89%
be
87%
to
87%
rush
85%
it
81%
so
81%
the
81%
Like
77%
my
77%
river
77%
sea
75%
Take
75%
take
75%
hand,
74%
life,
74%
flows
73%
Some
73%
too
73%
whole
73%
meant
72%
are
71%
things
70%
Darling,
69%
goes
68%
Would
67%
sin?
64%
stay?
63%
For
62%
Shall
61%
Surely
58%
If
46%
No matching quizzes found
Score Distribution
Percent of People with Each Score
Percentile by Number Answered
Your Score History
You have not taken this quiz